The Japanese oligarchy and the Russo-Japanese War
Gardado en:
| Autor Principal: | |
|---|---|
| Formato: | Libro |
| Idioma: | Undetermined |
| Publicado: |
New York
Columbia University Press
1970
|
| Những chủ đề: | |
| Các nhãn: |
Engadir etiqueta
Sen Etiquetas, Sexa o primeiro en etiquetar este rexistro!
|
| Thư viện lưu trữ: | Trung tâm Học liệu Trường Đại học Cần Thơ |
|---|
| LEADER | 00517nam a2200181Ia 4500 | ||
|---|---|---|---|
| 001 | CTU_111949 | ||
| 008 | 210402s9999 xx 000 0 und d | ||
| 082 | |a 952.031 | ||
| 082 | |b O.41 | ||
| 100 | |a Shumpei, Okamoto | ||
| 245 | 4 | |a The Japanese oligarchy and the Russo-Japanese War | |
| 245 | 0 | |c Shumpei Okamoto | |
| 260 | |a New York | ||
| 260 | |b Columbia University Press | ||
| 260 | |c 1970 | ||
| 650 | |a Russo-Japanese war, 1904-1905 | ||
| 904 | |i Năm | ||
| 980 | |a Trung tâm Học liệu Trường Đại học Cần Thơ | ||